000 00246nam a2200121 i 4500
001 bg
245 0 _aMechanika XVI.
260 _aWarszawa,
_c1986.
040 _cBPK
041 _apol
942 _cKS
008 s pl f |000 0 pol
999 _c23487
_d23487
856 _uhttp://koha.tu.koszalin.pl/cgi-bin/koha/opac-detail.pl?biblionumber=23487
_yKatalog online BPK